Países por Consumo de Álcool - Statistics

Estatísticas Gerais
  • Esse quiz foi jogado 5 061 vezes
    4 297 desde o último reset
  • A pontuação média é 10 de 22
Estatísticas das Respostas
Bebidas / Dia País % Correto
1.99 Alemanha
95%
1.90 França
79%
1.96 Espanha
75%
1.85 Portugal
73%
1.76 Reino Unido
69%
1.99 Irlanda
59%
1.81 Polônia
59%
1.78 Suíça
59%
1.85 Áustria
53%
2.22 República Tcheca
44%
1.84 Eslovênia
42%
1.81 Romênia
42%
2.04 Lituânia
40%
1.96 Bulgária
39%
1.98 Letônia
39%
1.76 Belarus
38%
1.99 Luxemburgo
35%
1.76 Moldávia
31%
1.78 Montenegro
26%
3.16 Seychelles
4%
2.33 Uganda
3%
1.85 Burkina Faso
2%
Nenhum quiz correspondente encontrado
Distribuição das Pontuações
Porcentagem de Pessoas com Cada Pontuação
Percentil de Números Respondidos
Sua Pontuação Histórica
Você não jogou esse quiz desde o último reset